000 00589nam a2200241Ia 4500
003 OSt
005 20221005120037.0
006 a|||||r|||| 00| 0
007 ta
008 221004b |||||||| |||| 00| 0 eng d
024 _a47169
037 _cTextual
040 _aCRL
_cCRL
_beng
041 _2eng
_aeng
082 _aO111:g, 31L4
100 _aMagarajan Au.
_9229685
245 0 _aDaiva makkavi
260 _c1974
300 _a201p.
_ccm.
650 _aENGLISH LITERATURE
942 _hO111:g, 31L4
_cTEXL
_2cc
999 _c1036692
_d1036692